书目信息 |
| 题名: |
谁能成为领导羊
|
|
| 作者: | 黄铁鹰, 著 | |
| 分册: | ||
| 出版信息: | 北京 机械工业出版社 2006.01 |
|
| 页数: | 223页 | |
| 开本: | 25cm | |
| 丛书名: | ||
| 单 册: | ||
| 中图分类: | F272.91 | |
| 科图分类: | ||
| 主题词: | 企业领导学 | |
| 电子资源: | ||
| ISBN: | 7-111-17938-2 | |
| 000 | 00821nam0 2200229 450 | |
| 001 | 003062128 | |
| 005 | 20100813120042.79 | |
| 010 | @a7-111-17938-2@dCNY29.80 | |
| 090 | @aF272.9@bhty | |
| 100 | @a20100515d2006 em y0chiy50 ea | |
| 101 | 0 | @achi |
| 102 | @aCN@b110000 | |
| 105 | @aa z 000yy | |
| 200 | 1 | @a谁能成为领导羊@Ashui neng cheng wei ling dao yang@f黄铁鹰著@Ashei neng cheng wei ling dao yang |
| 210 | @a北京@c机械工业出版社@d2006.01 | |
| 215 | @a223页@c图@d25cm | |
| 330 | @a本书阐述了各项管理工作的精髓和要点,主要涉及企业并购与整合,CEO的聘用、解雇与激励,公司治理,财务管理,企业上市、企业文化等诸多方面,并收集了不同时期作者的经典管理文章合随笔。 | |
| 606 | 0 | @a企业领导学 |
| 690 | @aF272.91@v4 | |
| 701 | 0 | @a黄铁鹰,@Ahuang tie ying,@f1955-@4著 |
| 801 | 0 | @c20100515 |
| 905 | @dF272.91@eH890@f3 | |
| 谁能成为领导羊/黄铁鹰著.-北京:机械工业出版社,2006.01 |
| 223页:图;25cm |
| ISBN 7-111-17938-2:CNY29.80 |
| 本书阐述了各项管理工作的精髓和要点,主要涉及企业并购与整合,CEO的聘用、解雇与激励,公司治理,财务管理,企业上市、企业文化等诸多方面,并收集了不同时期作者的经典管理文章合随笔。 |
| ● |
| 相关链接 |
|
|
|
正题名:谁能成为领导羊
索取号:F272.91/H890
 
预约/预借
| 序号 | 登录号 | 条形码 | 馆藏地/架位号 | 状态 | 备注 |
| 1 | 1028523 | 210285234 | 社科库409/422社科库 37排1列2层/ [索取号:F272.91/H890] | 在馆 | |
| 2 | 1028524 | 210285243 | 社科库409/409社科库 89排1列4层/ [索取号:F272.91/H890] | 在馆 | |
| 3 | 1028525 | 210285252 | 社科二线422/422社科库 3排2列1层/ [索取号:F272.91/H890] | 在馆 |